|
|
|
|
| LEADER |
00000naa a2200000uu 4500 |
| 001 |
vtls010938333 |
| 003 |
SK-MaSNL |
| 005 |
20260302120540.0 |
| 008 |
210902|2000 xo |||||||||||||||||slo| |
| 015 |
|
|
|a SNBRA
|
| 035 |
|
|
|a (urnnbn)urn:nbn:sk:snk:ar-a0b9mh
|
| 035 |
|
|
|a (uuid)201aa49d-4364-4378-9c9b-d90a54d818d5
|
| 035 |
|
|
|a urn:nbn:sk:snk-aau1y9
|
| 040 |
|
|
|a SNKBUCL
|b slo
|c SNKBUCL
|e AACR2
|
| 041 |
0 |
|
|a slo
|
| 044 |
|
|
|a xo
|c SK
|
| 100 |
1 |
|
|a Baťko, I.
|4 aut
|9 774814
|
| 245 |
1 |
0 |
|a FÁZOVÉ PRECHODY VO VYBRANÝCH DODEKABORIDOCH VZÁCNYCH ZEMÍN
|c I. Baťko, K. Flachbart, N. Shitsevalova, R. König, S. Gabáni, T. Herrmannsdörfer, Y. Paderno
|
| 246 |
3 |
|
|a PHASE TRANSITIONS IN SELECTED RARE EARTH DODECABORIDES
|
| 700 |
1 |
|
|a Flachbart, K.
|4 aut
|9 774815
|
| 700 |
1 |
|
|a Shitsevalova, N.
|4 aut
|9 774817
|
| 700 |
1 |
|
|a König, R.
|4 aut
|9 801352
|
| 700 |
1 |
|
|a Gabáni, S.
|4 aut
|9 774813
|
| 700 |
1 |
|
|a Herrmannsdörfer, T.
|4 aut
|9 801353
|
| 700 |
1 |
|
|a Paderno, Y.
|4 aut
|9 801354
|
| 773 |
0 |
|
|t 13. konferencia slovenských a českých fyzikov
|d Zvolen : Technická univerzita, 2000
|g S. 285-287
|z 8022808768
|
| 958 |
|
|
|a OND
|
| 958 |
|
|
|a article11
|
| 958 |
|
|
|a chapter
|
| 999 |
|
|
|c 1270013
|d 1271943
|